Absolutely essential utilities for the IBM PC / (Record no. 541851)

000 -LEADER
fixed length control field 00610pam a2200181 a 4500
020 ## - INTERNATIONAL STANDARD BOOK NUMBER
International Standard Book Number 0943518296 (pbk.) :
082 00 - DEWEY DECIMAL CLASSIFICATION NUMBER
Classification number 005.8
Author Mark ROS
-- D
100 1# - MAIN ENTRY--PERSONAL NAME
Personal name Rosenthal, Emily J.
9 (RLIN) 36607
245 10 - TITLE STATEMENT
Title Absolutely essential utilities for the IBM PC /
Statement of responsibility, etc. Emily Rosenthal.
260 ## - PUBLICATION, DISTRIBUTION, ETC.
Place of publication, distribution, etc. Portland, Or. :
Name of publisher, distributor, etc. Management Information Source,
Date of publication, distribution, etc. c1987.
300 ## - PHYSICAL DESCRIPTION
Extent xviii, 325 p. :
Other physical details ill. ;
Dimensions 24 cm.
500 ## - GENERAL NOTE
General note Includes index.
526 ## - STUDY PROGRAM INFORMATION NOTE
Program name 0
Interest level 0
Reading level 0
Title point value 005_800000000000000_ROS
650 #0 - SUBJECT ADDED ENTRY--TOPICAL TERM
Topical term or geographic name entry element IBM Personal Computer
General subdivision Programming.
9 (RLIN) 36814
650 #0 - SUBJECT ADDED ENTRY--TOPICAL TERM
Topical term or geographic name entry element MCE
9 (RLIN) 379
650 #0 - SUBJECT ADDED ENTRY--TOPICAL TERM
Topical term or geographic name entry element Utilities (Computer programs)
9 (RLIN) 36637
942 ## - ADDED ENTRY ELEMENTS (KOHA)
Source of classification or shelving scheme
Koha item type Book
Holdings
Withdrawn status Lost status Source of classification or shelving scheme Damaged status Not for loan Permanent Location Current Location Date acquired Total Checkouts Full call number Barcode Date last seen Price effective from Koha item type
          Military College of Engineering (MCE) Military College of Engineering (MCE) 09/05/2013   005.8 ROS MCE-34624 09/05/2013 09/05/2013 Book
© 2023 Central Library, National University of Sciences and Technology. All Rights Reserved.